000 00384nam a2200145Ia 4500
005 20250729165747.0
008 250729s2012 xx 000 0 und d
041 _aeng
082 _a900.7 KARS
100 _aKarnataka Government
_9232343
245 _aSocial science -8th Std
260 _aBangalore
_bKarnataka Text Book Socity
_c2012
300 _a250p
650 _aHistory
_9232344
999 _c239735
_d239735